000
00288nam a2200121Ia 4500
008
190216s9999||||xx |||||||||||||| ||und||
100
_a
Vayalar Ramavarma
245
0
_a
Kalyana Sougandhikam
260
_b
Poorna Pubs Kozhikode
_c
1988
300
_a
95p
650
_a
Kavithkal
942
_c
BK
999
_c
27019
_d
27019